000 00682nam a2200217Ia 4500
005 20241129111211.0
008 241129s9999||||xx |||||||||||||| ||und||
020 _a978-81-8741-87-8
037 _aTB
040 _aCRL
_beng
_cCRL
041 _aeng
_2eng
084 _aO15,1D05,1 111R3
_qCRL
100 _aCowell Edward B. Ed.; Jain S. Ed.
_9723612
245 0 _aBuddha - carita by asvaghosa or act of buddha
_cCowell Edward B. Ed.; Jain S. Ed.
260 _aDelhi, India
_bNew Bharatiya Book Corporation
_c2023
300 _axxi,352p.
365 _aINR
_b1000
650 _a Sanskrit Literature
942 _cTB
_hO15,1D05,1 111R3
999 _c1229354
_d1229354